000 00874cab a2200313 4500
001 ABS49236
008 090401t1993 xxu||||| |||| 00| 0 eng d
035 _a(Sirsi) u70454
041 _aeng
100 _aLewsley, C.
245 _aValuation for local taxation - the appeals system
260 _c1993
350 _a0
490 _aRating & Valuation Reporter
_v33(6) July 1993, 113-123(11)
520 _aDescribes in detail the appeals system for valuations for council tax.
650 _aCERTIFICATES OF VALUE
650 _aCOMPLETION NOTICES
650 _aCOUNCIL TAX
650 _aDISCOUNTS
650 _aEFFECTIVE DATE
650 _aEXEMPTIONS
650 _aINCUMBRANCE
650 _aMAIN RESIDENCE
650 _aPERMITTED DEVELOPMENT
650 _aVALUATION TRIBUNALS
690 _aRATING AND VALUATION
942 _n0
948 _c04/03/1997
999 _c44309
_d44309